The Nile cruise : an illustrated journey /

محفوظ في:

المؤلف الرئيسي: Sunbul, Sharīf (مؤلف)

مؤلفون آخرون: Jobbins, Jenny.

التنسيق: كتاب

اللغة: English

منشور في: Cairo ; New York : American University in Cairo Press, c2010.

الموضوعات:

الوسوم: إضافة وسم

لا توجد وسوم, كن أول من يضع وسما على هذه التسجيلة!

رقم الطلب: DT115 .S86 2010

LEADER 01249namaa2200265 4500
001 24566
003 OSt
005 20250730095821.0
008 130303s2010 ua ab 000 0 eng d
020 |a 9774163028 (hbk.) 
020 |a 9789774163029 
040 |c ARCE Library 
043 |a fl----- 
050 4 |a DT115 .S86 2010 
100 1 |a Sunbul, Sharīf,   |e author  |9 40692 
245 1 4 |a The Nile cruise :   |b an illustrated journey /   |c photographs by Sherif Sonbol ; text by Jenny Jobbins. 
264 1 |a Cairo ;   |a New York :   |b American University in Cairo Press,   |c c2010. 
300 |a 156 pages :   |b color illustrations, color maps ;   |c 25 cm. 
505 0 |a Abydos -- Dendera -- Luxor temple -- Karnak temple -- Luxor museum -- The colossi fo Memnon -- Deir al-Bahari -- The ramesseum -- Madinat Habu -- The valley of the kings -- The valley of the queens -- The tombs of the nobles -- Esna -- Edfu -- Kom Ombo -- Aswan. Elephantine Island and Botanical Island -- The Nubia museum -- The unfinished obelisk -- The high dam -- Philae -- Abu Simbel. 
651 0 |a Nile River Valley  |v Pictorial works. 
651 0 |a Nile River Valley  |x Description and travel. 
700 1 |a Jobbins, Jenny.   |9 33285 
901 |a reviewed 
942 |c BK  |2 lcc 
999 |c 22826  |d 22826